00337nam a22001337a 450000500170000000800410001704000290005805000220008710000180010924500100012726000400013730000100017765000160018720240603104208.0240603b |||||||| |||| 00| 0 eng d cChuka University Library aRM 300 b.M6 1967 aModell Walter aDruds aNew YorkbLibrary of Congressc1967 a200p. aPhamacology